00860nam a22001337a 4500999001700000003000400017008004100021245003000062250019800092260005900290650001500349942001200364952035000376 c10252d10252OSt201214b ||||| |||| 00| 0 eng d aIndian Journal of Finance a2019(Jan Vol.13 No.1, Feb Vol.13 No.2, Mar Vol.13 No.3, Apr Vol.13 No.4, May Vol.13 No.5, Jun Vol.13 No.6, Jul Vol.13 No.7, Aug Vol.13 No.8, Sep Vol.13 No.9, Oct Vol.13 No.10, Nov Vol.13 No.11) aNew DelhibAssociated Management Consultants Pvt. Ltd. aManagement 2ddccBV 00102ddc3Bound Volume40718MBAaPIETbPIETd2020-12-29eAssociated Management Consultants Pvt. Ltd.h2019(Jan Vol.13 No.1, Feb Vol.13 No.2, Mar Vol.13 No.3, Apr Vol.13 No.4, May Vol.13 No.5, Jun Vol.13 No.6, Jul Vol.13 No.7, Aug Vol.13 No.8, Sep Vol.13 No.9, Oct Vol.13 No.10, Nov Vol.13 No.11)l0pBV444r2020-12-29 00:00:00w2019-01-09yBV